|
|
|
|
| LEADER |
00686cam a2200205 7i4500 |
| 001 |
0000028051 |
| 005 |
20130306090000.0 |
| 020 |
0 |
0 |
|a 9781843346562
|
| 090 |
0 |
0 |
|a CHIN 338.476213810951
|b YAN
|
| 100 |
1 |
0 |
|a Yang
|
| 245 |
1 |
0 |
|a Business strategy and corporate governance in Chinese consumer electronics sector.
|
| 260 |
0 |
0 |
|a Oxford:
|b Chandos Publishing,
|c 2011.
|
| 300 |
# |
# |
|a 210 p.
|
| 650 |
0 |
0 |
|a Business enterprises --
|z China
|
| 650 |
0 |
0 |
|a China --
|x Economic policy
|
| 650 |
0 |
0 |
|a Corporate governance --
|z China
|
| 650 |
0 |
0 |
|a Household electronics industry --
|z China
|
| 651 |
0 |
0 |
|a China
|
| 700 |
1 |
1 |
|a Morgan,
|h Stephen L.
|
| 999 |
|
|
|a B000031381
|b Book
|c Countries
|e Business Information Centre
|